| 000 | 00774cam a2200277 4500 | ||
|---|---|---|---|
| 001 | M86955 | ||
| 008 | 090401t1997 xxu||||| |||| 00| 0 eng d | ||
| 035 | _a(Sirsi) u81355 | ||
| 041 | _aeng | ||
| 050 | _a694.012 | ||
| 110 |
_aRoyal Institution of Chartered Surveyors _94900 |
||
| 245 | _aDamp and timber treatment. | ||
| 260 |
_aLondon _bRICS _c1997 |
||
| 300 | _a(8)p. ; 30cm. | ||
| 350 | _a0 | ||
| 490 |
_aRICS Do's and Don'ts Guide _v3 |
||
| 520 | _aPublished in Building Conservation Journal Issue 18 (Winter 1997). | ||
| 650 | _aDAMP | ||
| 650 | _aHISTORIC BUILDINGS | ||
| 650 | _aTIMBER TREATMENT | ||
| 650 | _aTIMBER | ||
| 690 | _aBUILDING AND CONSTRUCTION-REPAIRS AND MAINTENANCE | ||
| 700 | _aOxley, Richard | ||
| 942 | _n0 | ||
| 948 | _c09/10/1997 | ||
| 999 |
_c96702 _d96702 |
||